Home Print Resources E-Books E-Journals IIMT Lecture Series Library Membership Form Book Recommendation Form Campus Tour Take AdmissionAbout Us Contact Us

Technical Drawing (Hindi) (Record no. 11774)

000 -LEADER
fixed length control field 00350nam a2200145Ia 4500
003 - CONTROL NUMBER IDENTIFIER
control field OSt
005 - DATE AND TIME OF LATEST TRANSACTION
control field 20240312093430.0
008 - FIXED-LENGTH DATA ELEMENTS--GENERAL INFORMATION
fixed length control field 170523s9999 xx 000 0 und d
020 ## - INTERNATIONAL STANDARD BOOK NUMBER
International Standard Book Number NA
040 ## - CATALOGING SOURCE
Transcribing agency IIMT UNIVERSITY MEERUT
100 ## - MAIN ENTRY--PERSONAL NAME
Personal name Gupta- R.K.
245 #0 - TITLE STATEMENT
Title Technical Drawing (Hindi)
260 ## - PUBLICATION, DISTRIBUTION, ETC.
Place of publication, distribution, etc. Nav Bharat Prakashan- Meerut
942 ## - ADDED ENTRY ELEMENTS (KOHA)
Source of classification or shelving scheme
Koha item type Book Bank
Holdings
Withdrawn status Lost status Source of classification or shelving scheme Damaged status Not for loan Home library Current library Date acquired Barcode Date last seen Price effective from Koha item type Public note Total Checkouts Date last checked out
          IIMT University Central Library Meerut IIMT University Central Library Meerut 06/01/2017 01-B-116327 06/01/2017 06/01/2017 Book Bank nil    
          IIMT University Central Library Meerut IIMT University Central Library Meerut 06/01/2017 01-B-116328 06/01/2017 06/01/2017 Book Bank      
          IIMT University Central Library Meerut IIMT University Central Library Meerut 06/01/2017 01-B-116329 01/25/2019 06/01/2017 Book Bank   1 12/31/2018
          IIMT University Central Library Meerut IIMT University Central Library Meerut 06/01/2017 01-B-116330 06/01/2017 06/01/2017 Book Bank      
          IIMT University Central Library Meerut IIMT University Central Library Meerut 06/01/2017 01-B-116331 06/01/2017 06/01/2017 Book Bank      
          IIMT University Central Library Meerut IIMT University Central Library Meerut 06/01/2017 01-B-116332 06/01/2017 06/01/2017 Book Bank      
          IIMT University Central Library Meerut IIMT University Central Library Meerut 06/01/2017 01-B-116333 06/01/2017 06/01/2017 Book Bank      
          IIMT University Central Library Meerut IIMT University Central Library Meerut 06/01/2017 01-B-116334 06/01/2017 06/01/2017 Book Bank      
          IIMT University Central Library Meerut IIMT University Central Library Meerut 06/01/2017 01-B-116335 06/01/2017 06/01/2017 Book Bank      
          IIMT University Central Library Meerut IIMT University Central Library Meerut 06/01/2017 01-B-116336 06/01/2017 06/01/2017 Book Bank      
IIMT, Central Library. All Rights Reserved IIMT,UNIVERSITY © 2023
Implemented and Customised by I CLOUDE EMS
You Are OPAC Visitor No
free web counter

Powered by Koha